000 00680nam a2200205 i 4500
001 C00036751c
005 20241029144951.0
008 981222s1925 be 000 0 fre d
080 _a75(493)(042)
100 1 _aLoo, Hulin de.
_915960
245 1 0 _aAcadémie Royale de Belgique. Extrait des Bulletins de la Classe des Beaux-Arts ...
_b: Concours Annuel de 1925 /
_crappor de Hulin de Loo.
260 _aBruxelles :
_bMarcel Hayez,
_c1925.
300 _a11 p. ;
_c25 cm.
500 _aDed. autogr.
500 _aLegado Allende-Salazar.
650 _aPintura flamenca-
_vDiscursos, ensayos, conferencias.
_990408
852 4 2 _jC-3408
999 _c35929
_d35929